000 00622nam a2200241Ia 4500
003 OSt
005 20221007082236.0
006 a|||||r|||| 00| 0
007 ta
008 221006b |||||||| |||| 00| 0 eng d
024 _a25,795
037 _cReports / Technical Reports
040 _aFLL
_cFLL
_beng
041 _2eng
_aeng
082 _aX:981.3.N6, K8
110 _aGovt. of India
245 0 _aWorkplace industrial relations
260 _c1968
300 _aix,215p
_ccm.
700 _aGovt. of India
942 _hX:981.3.N6, K8
_cREP
_2CC
999 _c1165797
_d1165797